<The> Effect of Innovation on Small and Medium Enterprises: A Bibliometric Analysis

Komplexné pochopenie vedeckých štúdií v oblasti inovácií a ich vplyvu na výkonnosť malých a stredných podnikov. Bibliometrická štúdia použitá na analýzu článkov publikovaných v rokoch 1976 až 2020 a vytvorenie názornej mapy inovácií v malých a stredných podnikoch - vzorka príspevkov zhromaždených pr...

Ausführliche Beschreibung

Gespeichert in:
Bibliographische Detailangaben
1. Verfasser: Al-Hanakta, Reham
Weitere Verfasser: Illés, Bálint Csaba, Dunay, Anna, Shuremo Abdissa, Gemechu, Khalife, Mehrzad Abdi
Format: Buchkapitel
Sprache:Englisch
Schlagworte:
Tags: Tag hinzufügen
Keine Tags, Fügen Sie das erste Tag hinzu!

MARC

LEADER 00000naa a2200000 4500
001 0279522
005 20250721124324.9
041 0 |a eng 
044 |a SK 
245 1 0 |a <The> Effect of Innovation on Small and Medium Enterprises: A Bibliometric Analysis  |c Reham Al-Hanakta, Bálint Csaba Illés, Anna Dunay, Gemechu Shuremo Abdissa, Mehrzad Abdi Khalife 
520 |a Komplexné pochopenie vedeckých štúdií v oblasti inovácií a ich vplyvu na výkonnosť malých a stredných podnikov. Bibliometrická štúdia použitá na analýzu článkov publikovaných v rokoch 1976 až 2020 a vytvorenie názornej mapy inovácií v malých a stredných podnikoch - vzorka príspevkov zhromaždených prostredníctvom databázy Web of Science Core Collection (2219 dokumentov, ktoré boli publikované v 332 zdrojoch). 
610 2 0 |a inovácia 
610 2 0 |a podnik malý 
610 2 0 |a podnik stredný 
610 2 0 |a analýzy 
610 2 0 |a bibliometria 
610 2 0 |a analýza bibliometrická 
100 1 |a Al-Hanakta, Reham 
700 1 |a Illés, Bálint Csaba 
700 1 |a Dunay, Anna 
700 1 |a Shuremo Abdissa, Gemechu 
700 1 |a Khalife, Mehrzad Abdi